Parts of Speech in English and in Slovak bakalárska práca

Salvato in:
Dettagli Bibliografici
Autore principale: Janikovičová, Simona
Ente Autore: Fakulta aplikovaných jazykov EU v Bratislave. Katedra jazykovedy a translatológie
Altri autori: Breveníková, Daniela
Natura: Libro
Lingua:inglese
Pubblicazione: Bratislava 2016
Tags: Aggiungi Tag
Nessun Tag, puoi essere il primo ad aggiungerne!!

MARC

LEADER 00000nbm a2200000 4500
001 0217455
005 20170130095650.8
041 0 |a eng 
044 |a SK 
245 1 0 |a Parts of Speech in English and in Slovak  |b bakalárska práca  |c Simona Janikovičová ; školiteľ: Daniela Breveníková 
264 1 |a Bratislava  |c 2016 
300 |a 56 s. 
100 1 |a Janikovičová, Simona 
700 1 |a Breveníková, Daniela 
710 2 |a Fakulta aplikovaných jazykov EU v Bratislave. Katedra jazykovedy a translatológie